Southville International School and Colleges
Your cart is empty.
  • Cart
  • Lists
    Public lists Eva Luna New books Lux_list list_1
    Your lists Log in to create your own lists
  • Log in to your account
  • Your cookies
  • Search history
Southville International School and Colleges
  • Advanced search
  • Recent comments
  • Most popular
  • Libraries

Log in to your account

Log in with GOOGLE


If you do not have an external account, but do have a local account, you can still log in:

  1. Home
  2. MARC view: The horse whisperer /
Normal view MARC view ISBD view

The horse whisperer / (Record no. 10803)

[ view plain ]
MARC details
000 -LEADER
fixed length control field 01714cgm a22004217a 4500
001 - CONTROL NUMBER
control field 11729374
003 - CONTROL NUMBER IDENTIFIER
control field OSt
005 - DATE AND TIME OF LATEST TRANSACTION
control field 20140310182226.0
007 - PHYSICAL DESCRIPTION FIXED FIELD--GENERAL INFORMATION
fixed length control field m| ||||||||||||||------
008 - FIXED-LENGTH DATA ELEMENTS--GENERAL INFORMATION
fixed length control field 990324s1998 xxu168 mleng
010 ## - LIBRARY OF CONGRESS CONTROL NUMBER
LC control number 99403487
017 ## - COPYRIGHT OR LEGAL DEPOSIT NUMBER
Copyright or legal deposit number PA885-788
Assigning agency U.S. Copyright Office
020 ## - INTERNATIONAL STANDARD BOOK NUMBER
International Standard Book Number 0440222656
040 ## - CATALOGING SOURCE
Original cataloging agency DLC
Transcribing agency DLC
Modifying agency DLC
Description conventions amim
050 00 - LIBRARY OF CONGRESS CALL NUMBER
Classification number PR 6055
Item number .Ev92 1998
082 ## - DEWEY DECIMAL CLASSIFICATION NUMBER
Classification number FIC
Item number Ev1h 1998
245 04 - TITLE STATEMENT
Title The horse whisperer /
Statement of responsibility, etc Touchstone Pictures presents a Wildwood Enterprises production ; directed by Robert Redford ; produced by Robert Redford, Patrick Markey ; screenplay by Eric Roth and Richard LaGravenese.
257 ## - COUNTRY OF PRODUCING ENTITY FOR ARCHIVAL FILMS
Country of producing entity U.S.
260 ## - PUBLICATION, DISTRIBUTION, ETC. (IMPRINT)
Place of publication, distribution, etc United States :
Name of publisher, distributor, etc Buena Vista Pictures,
Date of publication, distribution, etc 1998.
300 ## - PHYSICAL DESCRIPTION
Extent 19 reels of 19 on 9 (7020 ft.) :
Other physical details sd., col. ;
Dimensions 35 mm. ref print.
300 ## - PHYSICAL DESCRIPTION
Extent 2 compact discs in 1 can :
Other physical details digital sd. ;
Dimensions 4 3/4 in. trk.
650 #0 - SUBJECT ADDED ENTRY--TOPICAL TERM
Topical term or geographic name as entry element Rehabilitation
Form subdivision Drama.
9 (RLIN) 17757
655 #7 - INDEX TERM--GENRE/FORM
Genre/form data or focus term Adaptation
Form subdivision Feature.
Source of term migfg
9 (RLIN) 17758
655 #7 - INDEX TERM--GENRE/FORM
Genre/form data or focus term Romance
Form subdivision Feature.
Source of term migfg
9 (RLIN) 17759
700 1# - ADDED ENTRY--PERSONAL NAME
Personal name Redford, Robert,
Relator term direction,
-- production,
-- cast.
9 (RLIN) 17760
700 1# - ADDED ENTRY--PERSONAL NAME
Personal name Roth, Eric,
Dates associated with a name 1945-
Relator term writing.
9 (RLIN) 17761
700 1# - ADDED ENTRY--PERSONAL NAME
Personal name LaGravenese, Richard,
Relator term writing.
9 (RLIN) 17762
700 2# - ADDED ENTRY--PERSONAL NAME
Personal name Scott-Thomas, Kristin,
Dates associated with a name 1960-
Relator term cast.
9 (RLIN) 17763
700 1# - ADDED ENTRY--PERSONAL NAME
Personal name Neill, Sam,
Relator term cast.
9 (RLIN) 17764
700 1# - ADDED ENTRY--PERSONAL NAME
Personal name Wiest, Dianne,
Relator term cast.
9 (RLIN) 17765
700 1# - ADDED ENTRY--PERSONAL NAME
Personal name Johansson, Scarlett,
Dates associated with a name 1984-
Relator term cast.
9 (RLIN) 17766
700 1# - ADDED ENTRY--PERSONAL NAME
Personal name Cooper, Chris,
Dates associated with a name 1951-
Relator term cast.
9 (RLIN) 17767
700 1# - ADDED ENTRY--PERSONAL NAME
Personal name Evans, Nicholas,
Dates associated with a name 1950-
Title of a work The horse whisperer.
9 (RLIN) 17768
710 2# - ADDED ENTRY--CORPORATE NAME
Corporate name or jurisdiction name as entry element Copyright Collection (Library of Congress)
Institution to which field applies DLC
9 (RLIN) 3704
906 ## - LOCAL DATA ELEMENT F, LDF (RLIN)
a 0
b ibc
c orignew
d u
e ncip
f 19
g y-movingim
942 ## - ADDED ENTRY ELEMENTS (KOHA)
Source of classification or shelving scheme Library of Congress Classification
Koha item type
Holdings
Withdrawn status Lost status Source of classification or shelving scheme Damaged status Home library Current library Shelving location Date acquired Total Checkouts Full call number Barcode Date last seen Copy number Price effective from Koha item type
    Library of Congress Classification   Luxembourg Library Luxembourg Library Fiction Section 09/10/2013   PR 6055 .Ev92 1998 12897 09/10/2013 1 09/10/2013 Books

The horse whisperer /

APA

Redford R., Roth E., LaGravenese R., Scott-Thomas K., Neill S., Wiest D., Johansson S., Cooper C., Evans N. & Copyright Collection (Library of Congress). (1998). The horse whisperer. United States: Buena Vista Pictures.

Chicago

Redford Robert, Roth Eric, LaGravenese Richard, Scott-Thomas Kristin, Neill Sam, Wiest Dianne, Johansson Scarlett, Cooper Chris, Evans Nicholas and Copyright Collection (Library of Congress). 1998. The horse whisperer. United States: Buena Vista Pictures.

Harvard

Redford R., Roth E., LaGravenese R., Scott-Thomas K., Neill S., Wiest D., Johansson S., Cooper C., Evans N. and Copyright Collection (Library of Congress). (1998). The horse whisperer. United States: Buena Vista Pictures.

MLA

Redford Robert, Roth Eric, LaGravenese Richard, Scott-Thomas Kristin, Neill Sam, Wiest Dianne, Johansson Scarlett, Cooper Chris, Evans Nicholas and Copyright Collection (Library of Congress). The horse whisperer. United States: Buena Vista Pictures. 1998.

  • Place hold
  • Print
  • Cite
  • Add to your cart (remove)
  • Save record
    BIBTEX Dublin Core MARCXML MARC (non-Unicode/MARC-8) MARC (Unicode/UTF-8) MARC (Unicode/UTF-8, Standard) MODS (XML) RIS
  • More searches
    Search for this title in:
    Other Libraries (WorldCat) Other Databases (Google Scholar) Online Stores (Bookfinder.com) Open Library (openlibrary.org)

Exporting to Dublin Core...

SOUTHVILLE LIBRARY

Southville International School and Colleges Library

1281 Tropical Ave. Cor. Luxembourg St., BF Homes International, Las Pinas City

Tel. No. 8256374 / 252358 Loc. 117/146

Powered by Koha